Gran diccionario de la pintura (Record no. 4142)

MARC details
000 -LEADER
fixed length control field 00517nam a22001697a 4500
008 - FIXED-LENGTH DATA ELEMENTS--GENERAL INFORMATION
fixed length control field 101122t sp||||| |||| 00| 0 sp d
020 ## - INTERNATIONAL STANDARD BOOK NUMBER
International Standard Book Number 8472543803 (O.C.)
050 ## - LIBRARY OF CONGRESS CALL NUMBER
Classification number ND31
Item number G73 2001
245 10 - TITLE STATEMENT
Title Gran diccionario de la pintura
250 ## - EDITION STATEMENT
Edition statement 1a ed.
260 ## - PUBLICATION, DISTRIBUTION, ETC. (IMPRINT)
Place of publication, distribution, etc España :
Name of publisher, distributor, etc Arte Carroggio,
Date of publication, distribution, etc 2001
300 ## - PHYSICAL DESCRIPTION
Extent 2 V.
505 ## - FORMATTED CONTENTS NOTE
Formatted contents note V.1 Siglo XIX -- V.2 Siglo XIV-XVIII
650 #7 - SUBJECT ADDED ENTRY--TOPICAL TERM
Source of heading or term Lemb
Topical term or geographic name as entry element Pintura moderna
Form subdivision Diccionarios
Chronological subdivision Siglo XIX
650 #7 - SUBJECT ADDED ENTRY--TOPICAL TERM
Source of heading or term Lemb
Topical term or geographic name as entry element Pintura Moderna
Form subdivision Diccionarios
Chronological subdivision Siglo XX
942 ## - ADDED ENTRY ELEMENTS (KOHA)
Source of classification or shelving scheme Clasificación Decimal Dewey
Koha item type Libro
Holdings
Estado de pérdida Fuente de clasificación Estado del daño No para préstamo Ubicación permanente Ubicación actual Apartado o colección Fecha de adquisición Edición Enumeración de Serie / Cronológica Área del conocimiento Clasificación Código de Barras Date last seen Número de copia Costo por reposición Tipo de recurso
  Biblioteca del Cogreso de los Estados Unidos     Biblioteca de la Unidad de Ciencias Ingeniería y Humanidades Biblioteca de la Unidad de Ciencias Ingeniería y Humanidades Consulta 22/11/2010 1a ed. V : 1 Educación y Humanidades ND31 G73 2001 BCU000016545 16/01/2015 1 1.00 Libro
  Biblioteca del Cogreso de los Estados Unidos     Biblioteca de la Unidad de Ciencias Ingeniería y Humanidades Biblioteca de la Unidad de Ciencias Ingeniería y Humanidades Consulta 22/11/2010 1a ed. V : 2 Educación y Humanidades ND31 G73 2001 BCU000016544 16/01/2015 1 1.00 Libro